| 000 | 00888cab a2200229 4500 | ||
|---|---|---|---|
| 001 | WB2832-82 | ||
| 008 | 090401t1992 xxu||||| |||| 00| 0 eng d | ||
| 035 | _a(Sirsi) u1238 | ||
| 041 | _aeng | ||
| 245 | _aExcluding the GDO | ||
| 260 | _c1992 | ||
| 350 | _a0 | ||
| 490 |
_aEstates Gazette _v(9232) 15 August 1992, 50(1) |
||
| 520 | _aThe applicability of the Town and Country Planning General Development Order 1988 has been clarified by a decision in favour of the developers in "Dunoon Developments Ltd v SoS Environment" where the wording of existing planning permission excluded the operation of the Order to govern change of use. | ||
| 650 | _aARTICLE 4 DIRECTIONS | ||
| 650 | _aPERMITTED DEVELOPMENT RIGHTS | ||
| 650 | _aPLANNING CONDITIONS | ||
| 650 | _aTOWN AND COUNTRY PLANNING ACT 1990 S59 | ||
| 690 | _aPLANNING LAW AND PRACTICE | ||
| 942 | _n0 | ||
| 948 | _c04/03/1997 | ||
| 999 |
_c675 _d675 |
||